Who wrote...? Quiz Stats

 Plays Quiz not verified by Sporcle

Challenge
Share
Tweet
Embed
Score 0/20 Timer 02:00
0 Plays Today
Work Person % Correct
The HobbitJ.R.R. Tolkien
92.9%
Animal FarmGeorge Orwell
91.4%
The IlliadHomer
88.6%
War and PeaceLeo Tolstoy
87.1%
Strawberry Fields ForeverThe Beatles
71.4%
The RepublicPlato
71.4%
The Road Not TakenRobert Frost
68.6%
Don QuixoteMiguel de Cervantes
67.1%
One Hundred Years of SolitudeGabriel Garcia Marquez
65.7%
A New HopeGeorge Lucas
60%
Work Person % Correct
To the LighthouseVirginia Woolf
57.1%
All Along the WatchtowerBob Dylan
47.1%
CosmosCarl Sagan
37.1%
The Little PrinceAntoine de Saint-Exupery
32.9%
RubaiyatOmar Khayyam
31.4%
Way of the DragonBruce Lee
25.7%
The AnalectsConfucius
22.9%
Book of OpticsIbn al-Haytham
14.3%
Journey to the WestWu Cheng'en
11.4%
Tale of Genji Lady Murasaki Shikibu
10%

You're not logged in!

Compare scores with friends on all Sporcle quizzes.
Join for Free
OR
Log In

You Might Also Like...

Show Comments

Extras

Created Nov 10, 2013ReportNominate
Tags:person

Top Quizzes Today


Score Distribution

Your Account Isn't Verified!

In order to create a playlist on Sporcle, you need to verify the email address you used during registration. Go to your Sporcle Settings to finish the process.

Report this User

Report this user for behavior that violates our Community Guidelines.

Details: